| 000 | 01364cam a2200337 a 4500 | ||
|---|---|---|---|
| 999 |
_c12590 _d12590 |
||
| 001 | 14606993 | ||
| 003 | MAJU-Karachi | ||
| 005 | 20201003132417.0 | ||
| 008 | 061024s2007 nyua b 001 0 eng | ||
| 010 | _a 2006035429 | ||
| 020 | _a1593851111 (hardcover) | ||
| 020 | _a9781593851118 (hardcover) | ||
| 035 | _a(OCoLC)ocm74460081 | ||
| 035 | _a(OCoLC)74460081 | ||
| 040 |
_aDLC _cDLC _dDLC |
||
| 050 | 0 | 0 |
_aBF698.4 _b.H28 2007 |
| 082 | 0 | 0 |
_a155.2072 _222 |
| 245 | 0 | 0 |
_aHandbook of research methods in personality psychology / _cedited by Richard W. Robins, R. Chris Fraley, Robert F. Krueger. |
| 260 |
_aNew York : _bGuilford Press, _cc2007. |
||
| 300 |
_axiii, 719 p. : _bill. ; _c26 cm. |
||
| 504 | _aIncludes bibliographical references and indexes. | ||
| 650 | 0 |
_aPersonality _xResearch _xMethodology. |
|
| 700 | 1 | _aRobins, Richard W. | |
| 700 | 1 | _aFraley, R. Chris. | |
| 700 | 1 | _aKrueger, Robert F. | |
| 856 | 4 | 2 |
_3Contributor biographical information _uhttp://www.loc.gov/catdir/enhancements/fy0711/2006035429-b.html |
| 856 | 4 | 1 |
_3Table of contents only _uhttp://www.loc.gov/catdir/enhancements/fy0743/2006035429-t.html |
| 906 |
_a7 _bcbc _corignew _d1 _eecip _f20 _gy-gencatlg |
||
| 942 |
_2ddc _cPSYCHOLOGY |
||